书目信息 |
| 题名: |
大学生心理健康概论
|
|
| 作者: | 胡凯 主编 | |
| 分册: | ||
| 出版信息: | 长沙 中南大学出版社 2004.08 |
|
| 页数: | 223页 | |
| 开本: | 23cm | |
| 丛书名: | ||
| 单 册: | ||
| 中图分类: | B844.2 | |
| 科图分类: | ||
| 主题词: | 大学生--心理卫生 | |
| 电子资源: | ||
| ISBN: | 7-81061-962-4 | |
| 000 | 00849nam0 2200229 450 | |
| 001 | 0150830598 | |
| 005 | 20050315140710.60 | |
| 010 | @a7-81061-962-4@dCNY18.00 | |
| 100 | @a20050315d2004 km y0chiy0120 ea | |
| 101 | 0 | @achi |
| 102 | @aCN@b430000 | |
| 105 | @ay a 000yy | |
| 200 | 1 | @a大学生心理健康概论@Ada xue sheng xin li jian kang gai lun@f主编胡凯@Fzhu bian hu kai |
| 210 | @a长沙@c中南大学出版社@d2004.08 | |
| 215 | @a223页@d23cm | |
| 320 | @a有书目 (第221-222页)。 | |
| 330 | @a该书阐述了心理与心理健康标准、大学生心理与心理健康教育等问题;对当代大学生普遍关注的思想道德、自我意识、人格、学习、创造、择业求职与心理健康的关系等,进行了探讨;并介绍了心理测试和心理咨询等知识和技巧。 | |
| 606 | 0 | @a大学生@x心理卫生 |
| 690 | @aB844.2@v4 | |
| 701 | 0 | @a胡凯@Ahu kai@4主编 |
| 801 | 0 | @aCN@bRULIN@c20050315 |
| 905 | @a10447@dB844.2@eH483 | |
| 大学生心理健康概论/主编胡凯.-长沙:中南大学出版社,2004.08 |
| 223页;23cm |
| ISBN 7-81061-962-4:CNY18.00 |
| 该书阐述了心理与心理健康标准、大学生心理与心理健康教育等问题;对当代大学生普遍关注的思想道德、自我意识、人格、学习、创造、择业求职与心理健康的关系等,进行了探讨;并介绍了心理测试和心理咨询等知识和技巧。 |
| ● |
| 相关链接 |
|
|
|
正题名:大学生心理健康概论
索取号:B844.2/H483
 
预约/预借
| 序号 | 登录号 | 条形码 | 馆藏地/架位号 | 状态 | 备注 |
| 1 | 522430 | 205224309 | 社科库509/509社科库 38排2列2层/ [索取号:B844.2/H483] | 在馆 | |
| 2 | 522431 | 205224318 | 社科库509/509社科库 38排2列2层/ [索取号:B844.2/H483] | 在馆 | |
| 3 | 522432 | 205224327 | 社科库509/509社科库 38排2列2层/ [索取号:B844.2/H483] | 在馆 |